Miễn dịch huyết học
Gespeichert in:
| 1. Verfasser: | |
|---|---|
| Format: | Buch |
| Sprache: | Undetermined |
| Veröffentlicht: |
KHKT
2001
|
| Tags: |
Tag hinzufügen
Keine Tags, Fügen Sie den ersten Tag hinzu!
|
| Thư viện lưu trữ: | Trung tâm Học liệu Trường Đại học Cần Thơ |
|---|
| LEADER | 00400nam a2200145Ia 4500 | ||
|---|---|---|---|
| 001 | CTU_49092 | ||
| 008 | 210402s9999 xx 000 0 und d | ||
| 082 | |a 616.076 | ||
| 082 | |b Th103 | ||
| 100 | |a TRỊNH HỒNG THÁI | ||
| 245 | 0 | |a Miễn dịch huyết học | |
| 245 | 0 | |c TRỊNH HỒNG THÁI | |
| 260 | |b KHKT | ||
| 260 | |c 2001 | ||
| 980 | |a Trung tâm Học liệu Trường Đại học Cần Thơ | ||